Annihilation of caste (Record no. 1269283)
[ view plain ]
| 000 -LEADER | |
|---|---|
| fixed length control field | 01242nam a2200229 4500 |
| 005 - DATE AND TIME OF LATEST TRANSACTION | |
| control field | 20250326123234.0 |
| 008 - FIXED-LENGTH DATA ELEMENTS--GENERAL INFORMATION | |
| fixed length control field | 250326b |||||||| |||| 00| 0 eng d |
| 020 ## - INTERNATIONAL STANDARD BOOK NUMBER | |
| International Standard Book Number | 9789394105027 |
| 037 ## - SOURCE OF ACQUISITION | |
| Terms of availability | Textual |
| 040 ## - CATALOGING SOURCE | |
| Original cataloging agency | RTL |
| Transcribing agency | RTL |
| 084 ## - COLON CLASSIFICATION NUMBER | |
| Classification number | V2:51y7M93:g H4 |
| Assigning agency | RTL |
| 100 ## - MAIN ENTRY--PERSONAL NAME | |
| Personal name | Ambedkar, Dr. B. R. |
| 9 (RLIN) | 747605 |
| 245 ## - TITLE STATEMENT | |
| Title | Annihilation of caste |
| 250 ## - EDITION STATEMENT | |
| Edition statement | 3rd |
| 260 ## - PUBLICATION, DISTRIBUTION, ETC. | |
| Place of publication, distribution, etc. | India |
| Name of publisher, distributor, etc. | Pirates India |
| Date of publication, distribution, etc. | 1944 |
| 300 ## - PHYSICAL DESCRIPTION | |
| Extent | vii, 205p. |
| 520 ## - SUMMARY, ETC. | |
| Summary, etc. | ‘Annihilation of Caste’ is a thought-provoking and revolutionary work by Dr B R Ambedkar, one of the most influential figures in Indian history. Originally written as a speech for a conference in 1936, this book challenges the deep-rooted caste system in India and the social hierarchy it creates. Dr Ambedkar argues that the caste system perpetuates social and economic inequality, and impedes progress and growth for the nation as a whole. He presents a compelling case for the annihilation of caste and the creation of a society based on principles of equality and justice. |
| 650 ## - SUBJECT ADDED ENTRY--TOPICAL TERM | |
| Topical term or geographic name entry element | Annihilationalism; Caste-India |
| 9 (RLIN) | 747606 |
| 650 ## - SUBJECT ADDED ENTRY--TOPICAL TERM | |
| Topical term or geographic name entry element | Social Sciences |
| 650 ## - SUBJECT ADDED ENTRY--TOPICAL TERM | |
| Topical term or geographic name entry element | Social and economic level |
| 9 (RLIN) | 747607 |
| 942 ## - ADDED ENTRY ELEMENTS (KOHA) | |
| Source of classification or shelving scheme | Colon Classification (CC) |
| Suppress in OPAC | No |
| Koha item type | Textbook |
| Classification part | V2:51y7M93:g H4 |
| Withdrawn status | Lost status | Source of classification or shelving scheme | Damaged status | Not for loan | Home library | Current library | Date acquired | Total Checkouts | Full call number | Barcode | Date last seen | Price effective from | Koha item type |
|---|---|---|---|---|---|---|---|---|---|---|---|---|---|
| Colon Classification (CC) | Ratan Tata Library | Ratan Tata Library | 2025-03-26 | V2:51y7M93:g H4 | RT1585237 | 2025-06-26 | 2025-03-26 | Textbook |
